000 00617nam a2200229Ia 4500
001 7815
003 GE_BSU
008 181216s||||||||xx |||||||||||||| ||und||
040 _cGE_BSU
080 _a621.3(075.8)
100 _aКасаткин,А.С. Пекалин,М.А.
245 _aЭлектротехника.
245 _cРед. Е.Демков.
250 _aИзд 7-е, перераб.
260 _aМ.-Л.
260 _bГосэнергоиздат.
260 _c1958.
300 _a464стр.с илл.26см.
300 _eтабл.
653 _aЭлектротехника.
942 _cBK
999 _c41165
_d41165